000 00408nam a2200169Ia 4500
999 _c1897
_d1897
003 MAJU-Karachi
005 20250602123652.0
008 190723s9999 xx 000 0 und d
020 _a978-1-292-09775-6
040 _c0
100 _aPascale C. Quester
245 0 _aMarketing Creating and Delivering Value
250 _a8th
260 _aBostan
_bPearson
_c2015
300 _a569.:p
942 _cBK
_2ddc